[Event "GER-chT U12"]
[Site "Verden"]
[Date "2000.12.30"]
[Round "1.4"]
[White "Allig, Daniel"]
[Black "Fridland, Georg"]
[Result "1-0"]
[WhiteElo "734"]
[BlackElo "904"]
[PlyCount "123"]
[EventDate "2000.12.26"]
[EventType "team"]
[EventRounds "7"]
[EventCountry "GER"]
[SourceTitle "EXT 2008"]
[Source "ChessBase"]
[SourceDate "2007.11.25"]
[SourceVersion "1"]
[SourceVersionDate "2007.11.25"]
[SourceQuality "1"]
[WhiteTeam "Burlafingen U12"]
[BlackTeam "Chemnitz USG U12"]
[WhiteTeamCountry "GER"]
[BlackTeamCountry "GER"]

1. e4 e5 2. Nf3 Nc6 3. d4 exd4 4. Nxd4 Bc5 5. Be3 Bxd4 6. Bxd4 f6 7. Bc4 Nge7 8. Nc3 Nxd4 9. Qxd4 d6 10. 0-0-0 a6 11. f3 b5 12. Bb3 Qd7 13. Nd5 c5 14. Qd3 c4 15. Bxc4 bxc4 16. Qxc4 Nxd5 17. Qxd5 Bb7 18. Qxd6 Qxd6 19. Rxd6 0-0 20. Rhd1 Rfe8 21. Rd7 Bc6 22. R7d6 Rac8 23. b3 a5 24. c4 a4 25. Kb2 axb3 26. axb3 Kf8 27. Kc3 Ke7 28. b4 Bb5 29. R6d4 Rc7 30. Kb3 Bc6 31. b5 Rb8 32. R1d2 Rd7 33. Rxd7+ Bxd7 34. Kb4 Kd8 35. h4 Kc7 36. g4 Rb6 37. g5 fxg5 38. hxg5 Bc6 39. Rh2 h6 40. gxh6 gxh6 41. Rxh6 Ba8 42. Rxb6 Kxb6 43. c5+ Kc7 44. b6+ Kc6 45. f4 Bb7 46. f5 Kd7 47. e5 Bd5 48. Ka5 Bc6 49. Ka6 Be4 50. b7 Kc7 51. e6 Bxb7+ 52. Kb5 Bd5 53. c6 Bxc6+ 54. Kc5 Be8 55. f6 Kc8 56. f7 Bxf7 57. exf7 Kc7 58. f8Q Kd7 59. Qf6 Kc7 60. Qe7+ Kb8 61. Kb6 Kc8 62. Qc7# 1-0